000
00350nam a2200157Ia 4500
003
OSt
005
20240318150833.0
008
170524s9999 xx 000 0 und d
020
_a
8120325818
040
_c
IIMTU MEERUT
100
_a
Rajaraman - V.
245
0
_a
Fundamental of Computer
260
_b
P . H . I.
260
_c
1999
942
_2
ddc
_c
02
999
_c
6558
_d
6558